| 000 | 00960cab a2200253 4500 | ||
|---|---|---|---|
| 001 | ABS58059 | ||
| 008 | 090401t1997 xxu||||| |||| 00| 0 eng d | ||
| 035 | _a(Sirsi) u82957 | ||
| 041 | _aeng | ||
| 100 | _aCairncross, F. | ||
| 245 | _aIs the economy hitting home? | ||
| 260 | _c1997 | ||
| 350 | _a0 | ||
| 490 |
_aSearch _v(29) Winter 1997, 9-10(2) |
||
| 520 | _aReviews the findings of a report by Duncan Maclennan "Fixed commitments, uncertain incomes: sustainable owner-occupation and the economy", which asks whether the experiences of the `boom-bust` cycle of the late eighties has effected a change in the patterns of house buying. | ||
| 650 | _aBOOM-BUST CYCLE | ||
| 650 | _aECONOMY | ||
| 650 | _aPROPERTY-RESIDENTIAL PROPERTY-ACQUISITION AND DISPOSAL OF RESIDENTIAL PROPERTY | ||
| 650 | _aHOME OWNERSHIP | ||
| 650 | _aTRENDS | ||
| 690 | _aPROPERTY-RESIDENTIAL PROPERTY-RESIDENTIAL PROPERTY MARKET | ||
| 942 | _n0 | ||
| 948 | _c06/01/1998 | ||
| 999 |
_c52396 _d52396 |
||